Estatísticas para Campeões da CONMEBOL Sul-Americana

Clique aqui para jogar o quiz

Estatísticas Gerais

  • Esse quiz foi jogado 47 vezes
  • A pontuação média é 16 de 18

Estatísticas das Respostas

AnoCidade, PaísClube% Correto
2018Curitiba, BrasilAthlético Paranaense
100%
2004Buenos Aires, ArgentinaBoca Juniors
98%
2005Buenos Aires, ArgentinaBoca Juniors
98%
2016Chapecó, BrasilChapecoense
98%
2008Porto Alegre, BrasilInternacional
98%
2013Lanús, ArgentinaLanús
98%
2006Pachuca, MéxicoPachuca
98%
2012São Paulo, BrasilSão Paulo
98%
2014Buenos Aires, ArgentinaRiver Plate
95%
2010Avellaneda, ArgentinaIndependiente
93%
2017Avellaneda, ArgentinaIndependiente
93%
2009Quito, EquadorLDU
90%
2007Sarandí, ArgentinaArsenal
88%
2019Sangolquí, EquadorIndependiente del Valle
80%
2002Buenos Aires, ArgentinaSan Lorenzo
78%
2011Santiago, ChileUniversidad de Chile
78%
2003Cuzco, PeruCienciano
58%
2015Bogotá, ColômbiaSanta Fe
58%

Distribuição das Pontuações

Percentil de Números Respondidos

Porcentagem de Pessoas com Cada Pontuação

Sua Pontuação Histórica

Você não jogou esse quiz